Le martyre de Saint Sébastien mystere en cinq actes /
Elmentve itt :
| Szerző: | |
|---|---|
| Dokumentumtípus: | Könyv |
| Megjelent: |
1911
|
| Kulcsszavak: | Olasz irodalom - dráma, Misztériumjáték |
| Online Access: | http://misc.bibl.u-szeged.hu/25720 |
| LEADER | 00558nam a2200157 i 4500 | ||
|---|---|---|---|
| 001 | misc25720 | ||
| 005 | 20191207092928.0 | ||
| 008 | 171201s1911 hu o 0|| zxx d | ||
| 040 | |a SZTE Miscellanea Repozitórium |b hun | ||
| 041 | |a zxx | ||
| 100 | 1 | |a D'Annunzio Gabriele | |
| 245 | 1 | 3 | |a Le martyre de Saint Sébastien |h [elektronikus dokumentum] : |b mystere en cinq actes / |c D'Annunzio Gabriele |
| 260 | |c 1911 | ||
| 300 | |a 52 | ||
| 695 | |a Olasz irodalom - dráma, Misztériumjáték | ||
| 856 | 4 | 0 | |u http://misc.bibl.u-szeged.hu/25720/1/017_024_001-052a.pdf |z Dokumentum-elérés |